000 00793nam a2200253Ia 4500
003 OSt
005 20220918223719.0
006 a|||||r|||| 00| 0
007 ta
008 220917b |||||||| |||| 00| 0 eng d
024 _a224,876
037 _cTextual
040 _aARTS
_cARTS
_beng
041 _2eng
_aeng
082 _aO111,2J64:g(P44), P5
100 _aTrivedi Poonam Ed.
_929616
245 0 _aIndia's Shakespeare
_b Translation, interpretation, and performance
260 _aCranbury
_bUniversity of Delawawre Press
_c2005
300 _a303p.
_ccm.
650 _aENGLISH LITERATURE
700 _a Bartholomeusz Derthol Ed.
_9146499
942 _hO111,2J64:g(P44), P5
_cTEXL
_2CC
999 _c279303
_d279303